Formule 1 - Les grands Prix de 2026 - Statistiques

Statistiques générales
  • Ce quiz a été pris 128 fois
  • Le résultat moyen est 18 sur 21
Statistiques - réponses
Réponse % Correct
Australie
98%
Belgique
96%
Chine
95%
Italie
95%
Japon
95%
Etats-Unis
94%
Espagne
93%
Qatar
92%
Monaco
89%
Pays-Bas
89%
Brésil
88%
Canada
88%
Mexique
88%
Royaume-Uni
88%
Bahrein
84%
Arabie Saoudite
83%
Hongrie
83%
Emirats Arabes Unis
82%
Autriche
79%
Azerbaïdjan
77%
Singapour
70%
Aucun quiz correspondant
Distribution des résultats
% des personnes avec chaque résultat
Percentile par nombre de réponses
Votre historique - résultats
Vous n’avez pas pris ce quiz